Dva veka v polveka : povest‘ /

Hlavní autor: Golubkova, Marem'jana Romanovna, 1893-1959
Další autoři: Leont'jev, Nikolaj Pavlovič, 1910-
Jazyk: Ruština
Vydáno: Moskva : Sovetskij pisatel', 1946
Fyzický popis: 328 s.
Knihy
Uloženo v:
LEADER 00722nam a22002052a 4500
001 001911995
003 CZ BrMZK
005 20241015135703.0
007 ta
008 241015s1946 ru er|||||||||||rus d
040 |a ABA004  |b cze  |c ABA004  |d ABA004  |d BOA001 
100 1 |a Golubkova, Marem'jana Romanovna,  |d 1893-1959  |7 xx0078386  |4 aut 
245 1 0 |a Dva veka v polveka :  |b povest‘ /  |c M.R. Golubkova ; predislovije N. Leont'jeva 
260 |a Moskva :  |b Sovetskij pisatel',  |c 1946 
300 |a 328 s. 
700 1 |a Leont'jev, Nikolaj Pavlovič,  |d 1910-  |7 jx20060304014  |4 wfw 
910 |a BOA001  |b 2-0186.473 
990 |a BK 
991 |b 202410 
996 7 |b 2618768569  |c 2-0186.473  |l MZK  |r Sklad / do 24 hodin  |n 0  |w 001980842  |u 000010  |a 1  |e BOA001  |j MZK50  |s A